00675 2200205 4500001002100000005001700021008004100038035002400079090002100103100004600124245013200170250001100302260003600313300002500349650004700374850001200421980001500433985000600448999001500454YOGYA-0209000002747320090227024139.0 ind  0010-020900000027473 a342.05bInd KlR aINDONESIA. Majelis Permusyawaratan Rakyat aKetetapan-ketetapan MPR 1983 hasil sidang umum MPR RI tanggal 1-11 Maret 1983bdilengkapi dengan Menteri Kabinet Pembangunan IV aCet. 2 aJakartabGhalia Indonesiac1983 a135 hlmbilusc21 cm aMajelis Permusyawaratan Rakyat - Ketetapan aYOPDYOG a11-16-2006 a1 a06A0016571